00988nam a2200253 a 450000100100000000500170001000800410002702000150006804000250008304100130010808200220012110000290014324501700017224600560034225000170039826000380041530000360045358600400048965000390052965000550056865000390062370000360066270000360069800002088720260305073958.0100823s2003 dr ac 001 0 spa d a9993400084 aDO-SdBNPbspacBNPHU17aspaheng aR703bG377e, 20031 aGerón, Candido,d1948-10aEnciclopedia de las artes plásticas dominicanas :b1844-2003 /cCándido Gerón ; traducción Altagracia Amelia Cabral ; ilustración Víctor Eugenio Cortina.14aEncyclopedia of dominican plastic arts 1844 - 2003. a5a ed. corr. aSanto Domingo :bCorripio,c2003. a733 p. :bil., retrs. ;c31 cm. aPremio nacional de didáctica 1988 4aArtexEnciclopedias y diccionarios 4aPinturas dominicanasxEnciclopedias y diccionarios 4aArtistas dominicanosxBiografías12aCabral, Altagracia Amelia,etr.12aCortina, Víctor Eugenio,eil.